Housing for the people : Why Malaysia has so far failed to meet housing needs of the poor

Bibliographic Details
Main Author: Khor, Kok Peng (Author)
Format: Book
Language:English
Published: Peneng : Consumers Association of Penang and South East Asian Forum on Development Alternatives 1989
Subjects:

MARC

LEADER 00000cam a2200000 7i4500
001 0000002525
005 20240925.0
008 991130 my a eng
020 |a 9679950433 
040 |a INS   |b eng   |e rda 
090 0 0 |a HD7363.6   |b .K45 1989 
100 1 |a Khor, Kok Peng ,   |e author 
245 1 0 |a Housing for the people :   |b Why Malaysia has so far failed to meet housing needs of the poor   |c by Khor Kok Peng 
264 1 |a Peneng :   |b Consumers Association of Penang and South East Asian Forum on Development Alternatives   |c 1989 
300 |a 56 pages :   |b illustrations ;   |c 19 cm. 
336 |a text  |2 rdacontent 
337 |a unmediated  |2 rdamedia 
338 |a volume  |2 rdacarrier 
504 |a Includes bibliographical references 
650 0 |a Housing 
999 |a 0000003660   |b BOOK   |c Open Shelf   |e Default branch